| 000 | 01042nam a22001937a 4500 | ||
|---|---|---|---|
| 005 | 20260311125245.0 | ||
| 010 | _aBACHN26 | ||
| 020 |
_a9789370605077 _c599.00 |
||
| 037 | _bवाइली इंडिया | ||
| 082 | _a170 | ||
| 100 |
_aगौड़ा ,सृष्टि देशमुख _988305 |
||
| 245 |
_aद मैनुअल ऑन एथिक्स, इंटेग्रिटी एंड एप्टीट्यूड: _cसृष्टि देशमुख गौड़ा [और] नागार्जुन बी गौड़ा _bनीतिशास्त्र, सत्यनिष्ठा और अभिरुचि / |
||
| 250 | _a1 | ||
| 260 |
_aनई दिल्ली _bवाइली इंडिया _c2025 |
||
| 270 |
_a4436/7, Ansari Road, Darya Ganj _bनई दिल्ली |
||
| 300 |
_a401पृ _c24सेमी (आजिल्द) |
||
| 700 |
_aगौड़ा, नागार्जुन बी _988127 |
||
| 942 |
_2ddc _cEN _h170 _mगौड़ासृ |
||
| 999 |
_c215035 _d215035 |
||